Inter-Univerity cooperation in Eastern and Southern Africa (Record no. 77475)

MARC details
000 -LEADER
fixed length control field 00638nam a2200133 a 4500
008 - FIXED-LENGTH DATA ELEMENTS--GENERAL INFORMATION
fixed length control field 120416s1984 ||||||||||||||||| || u
050 ## - LIBRARY OF CONGRESS CALL NUMBER
Classification number LB 2331.5 Int
245 00 - TITLE STATEMENT
Title Inter-Univerity cooperation in Eastern and Southern Africa
Statement of responsibility, etc. edited by M.W. Murphree
260 ## - PUBLICATION, DISTRIBUTION, ETC.
Place of publication, distribution, etc. Harare
Name of publisher, distributor, etc. AESAU
Date of publication, distribution, etc. 1984
300 ## - PHYSICAL DESCRIPTION
Extent vii, 205 pages : illustrations
350 ## -
-- 0.00
995 ## -
-- SPECIAL COLLECTIONS
-- 0.00
-- 711402
-- CBU-MAIN LIBRARY (Kitwe)
-- 2
-- 12.00
-- ZAM LB 2331.5 Int
-- 2
-- AVAILABLE
-- 018709
-- Zambiana Collection
995 ## -
-- SPECIAL COLLECTIONS
-- 0.00
-- 711400
-- CBU-MAIN LIBRARY (Kitwe)
-- 1
-- 12.00
-- ZAM LB 2331.5 Int
-- 1
-- AVAILABLE
-- 024127
-- Zambiana Collection
999 ## -
-- 77475
-- 77475
Holdings
Withdrawn status Lost status Source of classification or shelving scheme Damaged status Not for loan Permanent Location Current Location Shelving location Date acquired Total Checkouts Full call number Barcode Date last seen Copy number Price effective from Koha item type
          CBU-MAIN LIBRARY, KITWE. CBU-MAIN LIBRARY, KITWE.   04/27/2023   LB 2331.5 Int 018709 04/27/2023 1 04/27/2023 SPECIAL COLLECTION
          CBU-MAIN LIBRARY, KITWE. CBU-MAIN LIBRARY, KITWE.   04/27/2023   LB 2331.5 Int 024127 04/27/2023 2 04/27/2023 SPECIAL COLLECTION